000 01133cam a2200325 a 4500
001 12086541
003 OSt
005 20250211111158.0
008 000418s1999 ke b 000 0 eng
010 _a 99502332
020 _z9966902214
035 _a(DLC) 99502332
040 _aDLC
_cDLC
_dDLC
042 _alcode
043 _afe-----
050 0 0 _aRA643.86.A353
_bB35 1999
082 0 0 _a362.969792
_221
_bRWE
100 1 _aBaitu Rwelamira, Juvenalis.
245 1 0 _aAIDS pandemic in East Africa :
_ba moral response /
_cJuvenalis Baitu Rwelamira.
250 _aRev. ed.
260 _a[Nairobi :
_bs.n.],
_c1999
_e(Nairobi, Kenya :
_fCUEA Publications)
300 _a43 p. ;
_c21 cm.
504 _aIncludes bibliographical references.
650 0 _aAIDS (Disease)
_zAfrica, East
_xPrevention.
650 0 _aAIDS (Disease)
_xMoral and ethical aspects.
650 0 _aSafe sex in AIDS prevention
_xMoral and ethical aspects.
906 _a7
_bcbc
_corigode
_d3
_encip
_f19
_gy-gencatlg
942 _cBK
_2ddc
999 _c4095
_d4095